| 000 | 00463nam a22001817a 4500 | ||
|---|---|---|---|
| 003 | CEME | ||
| 005 | 20210628202203.0 | ||
| 008 | 210209b xxu||||| |||| 00| 0 eng d | ||
| 020 | _a0-8493-2172-7 | ||
| 040 | _c. | ||
| 082 | _a671.73 TOY | ||
| 100 |
_aToyserkani , Ehsan ,Amir Khajepour ,Corbin , Stephen _958651 |
||
| 245 | _aLaser cladding | ||
| 260 |
_aUSA _bCRC PRESS _c2005 |
||
| 300 | _aXIII,260P | ||
| 650 |
_aLASER CLADDING _958652 |
||
| 942 |
_cBK _2ddc |
||
| 999 |
_c568801 _d568801 |
||